ICOMOS Mexicano, AC : seis años en la conservación del patrimonio monumental : testimonio 1991-1996 /

Guardat en:
Dades bibliogràfiques
Autor corporatiu: ICOMOS Mexicano
Altres autors: Flores Marini, Carlos (compilación) (compilación)
Format: Llibre
Idioma:espanyol
Publicat: México : ICOMOS Mexicano : CONACULTA, 2000, c2000
Col·lecció:(Arte e Imagen)
Matèries:
Etiquetes: Afegir etiqueta
Sense etiquetes, Sigues el primer a etiquetar aquest registre!

MARC

LEADER 00000nam^a2200000^a^4500
001 000274792
005 20250521000000.0
009 20260310111212.009
020 |a 970-18-4635-4 
037 |a Acervo ITESO - Biblioteca 
041 |a ESP 
082 |a 719. 32  |b ICO MEX 
110 |a ICOMOS Mexicano 
245 1 0 |a ICOMOS Mexicano, AC :  |b seis años en la conservación del patrimonio monumental : testimonio 1991-1996 /  |c ICOMOS Mexicano ; comp. de C. Flores Marini 
264 4 |a México :  |b ICOMOS Mexicano :  |b CONACULTA,  |c 2000, c2000 
300 |a 204 p. 
336 |a texto  |b txt  |2 rdacontenido 
337 |a sin mediación  |b n  |2 rdamedio 
338 |a volumen  |b nc  |2 rdasoporte 
440 1 |a (Arte e Imagen) 
649 |a XX 
650 |a Restauración y Conservación Arquitectónica -  |z México 
650 |a Restauración y Conservación de Arte -  |z México 
650 |a Patrimonio Artístico -  |z México 
650 |a Patrimonio Histórico -  |z México 
650 |a Valoración Patrimonial e Histórica -  |z México -  |x Tema Principal 
650 |a Arquitectura Mexicana -  |x Historia y Crítica 
650 |a Arte Mexicano -  |x Historia y Crítica 
700 |a Flores Marini, Carlos  |e (compilación) 
910 |a Fondo General 
920 |a Impresos - Libros 
930 |a Colección General 
905 |a 101 
901 |a 0500104343  |b IT1  |c ACC  |u 20250521 
902 |a https://opac.biblio.iteso.mx/vufind/Record/000274792